000 00284nam a22001337a 4500
008 170803b xxu||||| |||| 00| 0 eng d
020 _a9780789722287
041 _aeng
080 _a004
100 _a32
101 _aSHK
245 _aHTML BY EXAMPLE
_cNAVARRO,A
942 _2udc
_cBK
999 _c22611
_d22611